[Event "NED-ch06 email"]
[Site "Netherland email"]
[Date "2003.09.15"]
[Round "?"]
[White "Etmans, Maarten D"]
[Black "Van der Houwen, Peter J"]
[Result "0-1"]
[WhiteElo "2015"]
[BlackElo "2456"]
[PlyCount "88"]
[EventDate "2003.09.15"]
[EventType "tourn (corr)"]
[EventRounds "12"]
[EventCountry "NED"]
[SourceTitle "Corr 2006"]
[Source "ChessBase"]
[SourceDate "2006.04.01"]
[SourceVersion "3"]
[SourceVersionDate "2006.04.01"]
[SourceQuality "1"]

1. e4 e5 2. Nf3 Nc6 3. Bb5 a6 4. Ba4 Nf6 5. 0-0 Be7 6. Re1 b5 7. Bb3 0-0 8. h3 Bb7 9. d3 d6 10. a3 Na5 11. Ba2 c5 12. Nbd2 Nc6 13. Nf1 Bc8 14. c3 Be6 15. Bxe6 fxe6 16. Ng3 Nd7 17. Nh2 Qe8 18. Qg4 Qf7 19. Rf1 c4 20. dxc4 bxc4 21. f4 exf4 22. Bxf4 Nf6 23. Qe2 d5 24. Ng4 Qg6 25. exd5 Nxg4 26. hxg4 exd5 27. Nf5 Rfe8 28. Qf3 Rad8 29. Rae1 Bc5+ 30. Kh1 Re6 31. Rd1 Ne5 32. Bxe5 Rxe5 33. Rfe1 Qf6 34. Rxe5 Qxe5 35. Rf1 Re8 36. Rd1 g6 37. Ng3 Bd6 38. Kh2 Re6 39. Rxd5 Qf4 40. Rd1 Qg5 41. Rxd6 Rxd6 42. Nf1 Qe5+ 43. Qg3 Qxg3+ 44. Kxg3 Rb6 0-1

[Event "NED-ch06 email"]
[Site "Netherland email"]
[Date "2003.09.15"]
[Round "?"]
[White "Van der Houwen, Peter J"]
[Black "Van der Dikkenberg, Erik"]
[Result "1/2-1/2"]
[WhiteElo "2456"]
[BlackElo "2200"]
[PlyCount "48"]
[EventDate "2003.09.15"]
[EventType "tourn (corr)"]
[EventRounds "12"]
[EventCountry "NED"]
[SourceTitle "Corr 2006"]
[Source "ChessBase"]
[SourceDate "2006.04.01"]
[SourceVersion "3"]
[SourceVersionDate "2006.04.01"]
[SourceQuality "1"]

1. e4 c5 2. Nf3 d6 3. d4 cxd4 4. Nxd4 Nf6 5. Nc3 a6 6. Be2 e6 7. 0-0 Be7 8. a4 Nc6 9. Be3 0-0 10. f4 Qc7 11. Kh1 Re8 12. Bf3 Bf8 13. Nb3 b6 14. e5 dxe5 15. fxe5 Nd7 16. Nd4 Bb7 17. Nxc6 Bxc6 18. Bxc6 Qxc6 19. Bd4 Bc5 20. Bxc5 bxc5 21. Qh5 f5 22. exf6 Nxf6 23. Qe5 Rab8 24. Rad1 c4 1/2-1/2

[Event "IECG CM.2002.0.00204 email"]
[Site "IECG email"]
[Date "2002.12.15"]
[Round "?"]
[White "Laffranchise, Lionel"]
[Black "Van der Houwen, Peter J"]
[Result "0-1"]
[WhiteElo "2200"]
[BlackElo "2252"]
[PlyCount "26"]
[EventDate "2002.12.20"]
[EventType "tourn (corr)"]
[EventRounds "6"]
[SourceTitle "Corr 2008"]
[Source "ChessBase"]
[SourceDate "2008.06.24"]
[SourceVersion "1"]
[SourceVersionDate "2008.06.24"]
[SourceQuality "1"]

1. Nf3 Nf6 2. c4 c5 3. Nc3 e6 4. g3 b6 5. Bg2 Bb7 6. 0-0 Nc6 7. e4 d6 8. d4 cxd4 9. Nxd4 Nxd4 10. Qxd4 Be7 11. b3 0-0 12. Na4 Qc7 13. Rd1 Rfd8 0-1